000 01093nam a22003257a 4500
003 CHAP
005 20220329134526.0
008 971013s1967 r 00010 d
010 _a21636
011 _a22608
035 _a26703
040 _cCHAP
082 _a338.1
_bA75
100 0 0 _aAshton, J.
_eed.
_97931
245 _aEconomic change and agriculture
260 _aLondon :
_bAgricultural Adjustment Unit,
_c1967
300 _a360 p.
_b: ilus
490 _aAn Agricultural Adjuntment Unit Symposium
590 _aBATCH-UPD
_b10
_c20130110
_lUCH01
_h0002
590 _aBATCH-UPD
_b10
_c20130110
_lUCH01
_h2203
590 _aBATCH-UPD
_b10
_c20130410
_lUCH01
_h1509
590 _aBATCH-UPD
_b10
_c20130914
_lUCH01
_h2023
590 _aCONVERSION
_b10
_c20130109
_lUCH01
_h1313
650 1 4 _aAgricultura
_xAspectos economicos
_xGran Bretana.
_91248
650 1 4 _aGran Bretaña
_xCondiciones económicas.
_950304
830 0 _aAn Agricultural Adjuntment Unit Symposium
_95457
901 _aBK
942 _cLIBRO
949 _a338.1 A75
_bBC
_cLIBRO
_d33724000352936
_eLIBRO
_h69939
_i26703
_si
_t15.80
999 _c21636
_d21636